| 000 | 00693nam a2200217 a 4500 | ||
|---|---|---|---|
| 001 | BRCA_2015 | ||
| 005 | 20190320203633.0 | ||
| 008 | 170608s2003----mx-ao#####---#000-0#spa-# | ||
| 020 | _a9685234302 | ||
| 041 | _aspa | ||
| 044 | _amx | ||
| 050 | 4 |
_aF1233 _b.V55 2003 |
|
| 100 | 1 |
_aVillegas Moreno, Gloria _96163 |
|
| 245 | 1 | 0 |
_aMéxico _bliberalismo y modernidad, 1876-1917 : voces, rostros y alegorías _cGloria Villegas Moreno. |
| 260 |
_aMéxico _bFomento Cultural Banamex _c2003 |
||
| 300 |
_a447 p. _bil. (algunas a color) _c33 cm. |
||
| 500 | _aIncluye índice de ilustraciones | ||
| 504 | _aBibliografía: p. 429-434 | ||
| 651 | 4 |
_aMéxico _xHistoria _y1876-1917 _96164 |
|
| 942 |
_2lcc _cB |
||
| 999 |
_c1781 _d1781 |
||